MARC

LEADER 00000nam0a2200000 4500
001 262686
005 20231101233656.0
010 |a 5279001139 
035 |a (RuTPU)RU\TPU\book\285669 
090 |a 262686 
100 |a 20140603d1988 m y0rusy50 ca 
101 0 |a rus 
102 |a RU 
105 |a y z 001zy 
200 1 |a Операционная система ДЕМОС: инструментальные средства программиста  |f В. П. Тихомиров, М. И. Давидов 
210 |a Москва  |c Финансы и статистика  |d 1988 
215 |a 206 с. 
320 |a Библиогр.: с. 203-204. 
606 1 |a Операционные системы  |x Управление  |2 stltpush  |3 (RuTPU)RU\TPU\subj\47060  |9 66127 
610 1 |a автоматизированные вычислительные системы 
610 1 |a Демос 
610 1 |a программирование 
610 1 |a Unix 
610 1 |a ЭВМ 
610 1 |a компиляторы 
610 1 |a интерпретаторы 
610 1 |a языки программирования 
610 1 |a командный язык 
675 |a 681.3.066  |v 3 
700 1 |a Тихомиров  |b В. П.  |g Владимир Павлович 
701 1 |a Давидов  |b М. И.  |g Михаил Изгияевич 
801 1 |a RU  |b 63413507  |c 20140603 
801 2 |a RU  |b 63413507  |c 20150330  |g RCR 
942 |c BK